| 000 -LEADER |
| fixed length control field |
02570cam a22003974a 4500 |
| 001 - CONTROL NUMBER |
| control field |
16630928 |
| 003 - CONTROL NUMBER IDENTIFIER |
| control field |
OSt |
| 005 - DATE AND TIME OF LATEST TRANSACTION |
| control field |
20161203105657.0 |
| 008 - FIXED-LENGTH DATA ELEMENTS--GENERAL INFORMATION |
| fixed length control field |
110131s2011 nyua b s001 0 eng |
| 010 ## - LIBRARY OF CONGRESS CONTROL NUMBER |
| LC control number |
2011004148 |
| 016 7# - NATIONAL BIBLIOGRAPHIC AGENCY CONTROL NUMBER |
| Record control number |
015885547 |
| Source |
Uk |
| 020 ## - INTERNATIONAL STANDARD BOOK NUMBER |
| International Standard Book Number |
9781438437910 (hardcover : alk. paper) |
| 020 ## - INTERNATIONAL STANDARD BOOK NUMBER |
| International Standard Book Number |
1438437919 (hardcover : alk. paper) |
| 020 ## - INTERNATIONAL STANDARD BOOK NUMBER |
| International Standard Book Number |
9781438437903 (pbk. : alk. paper) |
| 020 ## - INTERNATIONAL STANDARD BOOK NUMBER |
| International Standard Book Number |
1438437900 (pbk. : alk. paper) |
| 035 ## - SYSTEM CONTROL NUMBER |
| System control number |
(OCoLC)ocn700735583 |
| 040 ## - CATALOGING SOURCE |
| Original cataloging agency |
DLC |
| Transcribing agency |
DLC |
| Modifying agency |
YDX |
| -- |
YDXCP |
| -- |
UKMGB |
| -- |
BWX |
| -- |
CDX |
| -- |
IOG |
| -- |
ERASA |
| -- |
COO |
| -- |
PUL |
| -- |
DLC |
| 042 ## - AUTHENTICATION CODE |
| Authentication code |
pcc |
| 043 ## - GEOGRAPHIC AREA CODE |
| Geographic area code |
a-cc--- |
| 050 00 - LIBRARY OF CONGRESS CALL NUMBER |
| Classification number |
N7349.X8 |
| Item number |
X8 2011 |
| 082 00 - DEWEY DECIMAL CLASSIFICATION NUMBER |
| Classification number |
709.51/09051 |
| Edition number |
22 |
| 245 00 - TITLE STATEMENT |
| Title |
Xu Bing and contemporary Chinese art : |
| Remainder of title |
cultural and philosophical reflections / |
| Statement of responsibility, etc. |
edited by Hsingyuan Tsao and Roger T. Ames. |
| 260 ## - PUBLICATION, DISTRIBUTION, ETC. (IMPRINT) |
| Place of publication, distribution, etc. |
Albany : |
| Name of publisher, distributor, etc. |
State University of New York Press, |
| Date of publication, distribution, etc. |
c2011. |
| 300 ## - PHYSICAL DESCRIPTION |
| Extent |
xxiv, 237 p. : |
| Other physical details |
ill. ; |
| Dimensions |
24 cm. |
| 490 1# - SERIES STATEMENT |
| Series statement |
SUNY series in Chinese philosophy and culture |
| 504 ## - BIBLIOGRAPHY, ETC. NOTE |
| Bibliography, etc |
Includes bibliographical references and index. |
| 505 0# - FORMATTED CONTENTS NOTE |
| Formatted contents note |
A dilemma in contemporary Chinese art: an introduction / Tsao Hsingyuan and Roger T. Ames -- Reading and misreading: double entendre in locally oriented logos / Tsao Hsingyuan -- Reading Xu Bing's Book from the sky: a case study in the making of meaning / Roger T. Ames -- Seriousness, playfulness, and a religious reading of Tianshu / Kuan-Hung Chen -- Making natural languages in contemporary Chinese art / Richard Vinograd -- The living word: Xu Bing and the art of Chan word play / April Liu -- Transmission of meanings: a study of Shen wai shen (Body outside body) by Xu Bing / Kazuko Kameda-Madar -- The space between: cross-cultural encounters in contemporary Chinese art / Jerome Silbergeld -- Appendix. Bibliography on Xu Bing and related issues in contemporary Chinese art / Zoe Li -- List of important events between 1979 and 2005 / Susan Chang. |
| 600 10 - SUBJECT ADDED ENTRY--PERSONAL NAME |
| Personal name |
Xu, Bing, |
| Dates associated with a name |
1955- |
| General subdivision |
Criticism and interpretation. |
| 650 #0 - SUBJECT ADDED ENTRY--TOPICAL TERM |
| Topical term or geographic name as entry element |
Art, Chinese |
| Chronological subdivision |
20th century |
| General subdivision |
Themes, motives. |
| 650 #0 - SUBJECT ADDED ENTRY--TOPICAL TERM |
| Topical term or geographic name as entry element |
Art, Chinese |
| Chronological subdivision |
21st century |
| General subdivision |
Themes, motives. |
| 700 1# - ADDED ENTRY--PERSONAL NAME |
| Personal name |
Tsao, Hsingyuan. |
| 700 1# - ADDED ENTRY--PERSONAL NAME |
| Personal name |
Ames, Roger T., |
| Dates associated with a name |
1947- |
| 830 #0 - SERIES ADDED ENTRY--UNIFORM TITLE |
| Uniform title |
SUNY series in Chinese philosophy and culture. |
| 906 ## - LOCAL DATA ELEMENT F, LDF (RLIN) |
| a |
7 |
| b |
cbc |
| c |
orignew |
| d |
1 |
| e |
ecip |
| f |
20 |
| g |
y-gencatlg |
| 942 ## - ADDED ENTRY ELEMENTS (KOHA) |
| Source of classification or shelving scheme |
|
| Koha item type |
Hard Covered Materials |
| Classification part |
N 7349 .X8X8 2011 |